| 000 | 03758nab a2200385 i 4500 | ||
|---|---|---|---|
| 003 | BR-BrBNA | ||
| 005 | 20250122130153.0 | ||
| 008 | 250122b2016 bl.|r|pooa||| 00| 0 por | | ||
| 040 |
_aBR-BrBNA _bpor |
||
| 072 |
_aL51 _b5240 |
||
| 072 | _aL02 | ||
| 100 | _aMizubuti, I.Y. | ||
| 100 | _aSyperreck, M.A. | ||
| 100 | _aRibeiro, E.L.A. | ||
| 100 | _aPereira, E.S. | ||
| 100 | _aPinto, A.P. | ||
| 100 | _aPrado, .P.P. | ||
| 100 | _aPeixoto, E.L.T. | ||
| 100 | _aParra, A.R.P. | ||
| 100 | _aMassaro Júnior, F.L. | ||
| 100 | _aGuerra, G.L. | ||
| 245 | _aConsumo, digestibilidade e balanço de nitrogênio em ovinos alimentados com rações contendo torta de Crambe | ||
| 500 | _a Publicação online; 24 ref.; 5 tables; Summaries (En, Pt) | ||
| 520 | _a RESUMO - O objetivo deste trabalho foi avaliar os efeitos da utilização de torta de crambe na ração de ovinos sobre o consumo e a digestibilidade. O delineamento experimental utilizado foi o quadrado latino 4x4 com quatro animais, quatro períodos e quatro tratamentos. Os tratamentos avaliados foram rações com 30% de silagem de sorgo e 70% de torta de crambe (30:70) e rações com 70% de silagem de sorgo e 30% de torta de crambe (70:30) em cordeiros sob consumo voluntário e controlado. Os animais que receberam a ração com a relação 30:70 consumiram mais matéria seca (MS), proteína bruta (PB), extrato etéreo (EE) por kg/dia, % PV/dia e g/kg PV0,75. A relação 30:70 proporcionou maior coeficiente de digestibilidade de MS e FDN. Os animais no regime voluntário apresentaram maior consumo de MS, PB, EE por kg/dia, % PV/dia e g/kg PV0,75. A torta de crambe apresentou coeficientes de digestibilidade superiores à silagem de sorgo, independentemente do regime de consumo. A relação 30:70 apresentou diferença para o N-ingerido e N-absorvido. A torta de crambe apresenta alta digestibilidade dos nutrientes e aceitação pelos animais quando associada à silagem de sorgo. Palavras-chave: Crambe abyssinica, agroindústria, alimento alternativo, valor nutritivo | ||
| 520 | _a ABSTRACT - The aim of this study was to evaluate the effects of using crambe cake in diets for sheep on intake and digestibility. The experimental design was a 4x4 Latin square with four animals, four periods and four treatments. The treatments were diets with 30% sorghum silage and 70% crambe cake (30:70) and a diet with 70% sorghum silage and 30% crambe cake (70:30) in lambs under the voluntary and controlled intake. The animals who fed a diet with a 30:70 ratio consumed more dry matter (DM), crude protein (CP), ether extract (EE) per kg/day, %BW/day and g/kgPV0,75. The ration provided higher digestibility of DM and NDF. The animals in the voluntary regime presented higher consumption of DM, CP, EE per kg/day, %BW/day and g/kgPV0,75. The cake crambe presented digestibility coefficient higher than sorghum silage, regardless of the regime intake. The 30:70 ration presented a difference in N intake and N absorbed. The cake crambe has high nutrient digestibility and acceptance by animals when associated with sorghum silage. Keywords: Crambe abyssinica, Agribusiness, alternative food, nutritional value | ||
| 650 | _aOVINO | ||
| 650 | _aRAÇÃO | ||
| 650 | _aALIMENTO ALTERNATIVO | ||
| 650 | _aDIGESTIBILIDADE | ||
| 650 | _aVALOR NUTRITIVO | ||
| 773 | 0 |
_01643 _9347391 _dBelo Horizonte-MG Universidade Federal de Minas Gerais - Escola de Veterinaria 1983 _o2024-8404 _tArquivo Brasileiro de Medicina Veterinária e Zootecnia (Brazil) _x0102-0935 _gv. 68(3) p. 761-768; (2016) _wBR2024004500 |
|
| 856 | _uhttps://www.scielo.br/j/abmvz/a/ghSZh3YS9WrnhqcdHYSFc9z/?format=pdf&lang=pt | ||
| 942 | _cANA | ||
| 999 |
_c329643 _d329643 |
||